000 00696cam a2200217 a 4500
001 000009679
005 20200929161652.0
008 890817s1970 mx 001 0 spa
040 _aDO-SdBNP
_cCNE
_dNcGrE
_dOAU
_dOCoLC
_dDLC
082 _aM862.44
_bA284i, 1970
100 1 _aAgustín, José.
_924580
245 1 0 _aInventando que sueño :
_bdrama en cuatro actos /
_cJosé Agustín.
250 _a2a ed.
260 _aMéxico D. F. :
_bJoaquín Mortiz,
_c1970.
300 _a174 p. ;
_c20 cm.
490 1 _aNueva Narrativa Hispánica
650 4 _aTeatro mexicano
_917662
650 4 _aLiteratura mexicana
_91922
830 0 _aNueva Narrativa Hispánica
_922702
910 _aCatalogación derivada
999 _c9439
_d9439